| 000 | 00508cam a2200193ua 4500 | ||
|---|---|---|---|
| 020 |
_a0 521 31367 8 _c10.35 |
||
| 041 |
_aeng _h |
||
| 082 |
_a631.0913 _bMAK/EC |
||
| 100 | _aMarkeham, J P . | ||
| 245 |
_aEconomics of tropical farm management / _cJ P Markeham. _hTextual Documents |
||
| 250 |
_a1 / _b. |
||
| 260 |
_aCambridge : _bCambridge University Press , _c1986. |
||
| 300 | _a178 ; . | ||
| 365 | _a10.35 | ||
| 504 | _a | ||
| 700 | 1 | _aMalcolm, L R . | |
| 942 | _cBK | ||
| 999 |
_c7266 _d7266 |
||